000 00298nam a22001337a 4500
008 171101b xxu||||| |||| 00| 0 eng d
020 _a9780324001082
041 _aeng
080 _27 ED
_a33
100 _a59
101 _aGLO
245 _aINTERNATIONAL ECONOMIC
_cTOBERT.J.C
942 _2udc
_cBK
999 _c37094
_d37094